Mãi mãi thuở ban đầu
Với cách lựa chọn đề tài gần gũi với đời sống, phân tích và đưa ra giải pháp dưới lăng kính của vừa là một chuyên gia tâm lý, vừa đặt mình là người trong cuộc, tác giả đã song hành với những độc giả là vợ, chồng, cha, mẹ, thầy giáo...
में बचाया:
| मुख्य लेखक: | |
|---|---|
| स्वरूप: | पुस्तक |
| भाषा: | Undetermined |
| प्रकाशित: |
Thành phố Hồ Chí Minh
Trẻ
2004
|
| विषय: | |
| टैग : |
टैग जोड़ें
कोई टैग नहीं, इस रिकॉर्ड को टैग करने वाले पहले व्यक्ति बनें!
|
| Thư viện lưu trữ: | Trung tâm Học liệu Trường Đại học Cần Thơ |
|---|
| LEADER | 01316nam a2200205Ia 4500 | ||
|---|---|---|---|
| 001 | CTU_64561 | ||
| 008 | 210402s9999 xx 000 0 und d | ||
| 020 | |b 14500 | ||
| 082 | |a 646.7 | ||
| 082 | |b Đ307 | ||
| 100 | |a Nguyễn, Huỳnh Điệp | ||
| 245 | 0 | |a Mãi mãi thuở ban đầu | |
| 245 | 0 | |c Nguyễn Huỳnh Điệp | |
| 260 | |a Thành phố Hồ Chí Minh | ||
| 260 | |b Trẻ | ||
| 260 | |c 2004 | ||
| 520 | |a Với cách lựa chọn đề tài gần gũi với đời sống, phân tích và đưa ra giải pháp dưới lăng kính của vừa là một chuyên gia tâm lý, vừa đặt mình là người trong cuộc, tác giả đã song hành với những độc giả là vợ, chồng, cha, mẹ, thầy giáo, sinh viên, trẻ thơ, nhà doanh nghiệp... để cùng họ giải quyết những vướng mắc của cuộc sống, từ đó bồi đắp hạnh phúc, tạo dựng sự nghiệp, củng cố niềm tin góp phần làm cho cuộc sống của mỗi người và của xã hội ngày càng tốt đẹp hơn. | ||
| 650 | |a Life styles | ||
| 904 | |i Trang (sửa) | ||
| 980 | |a Trung tâm Học liệu Trường Đại học Cần Thơ | ||